[Event "Test Phil"]
[Site "SchemingMind.com"]
[Date "2018.05.05"]
[Round "-"]
[White "Ilang"]
[Black "Patjanka"]
[Result "1-0"]
[WhiteCountry "HUN"]
[BlackCountry "DEN"]
[WhiteElo "2444"]
[WhiteRD "90"]
[BlackElo "2278"]
[BlackRD "122"]
[GameID "427743"]

1. e4 e5 2. Nf3 d6 3. d4 Nf6 4. Nc3 Nbd7 5. a4 Be7 6. Bc4 O-O 7. O-O a5 8. Re1 h6 9. h3 c6 10. Be3 Re8
11. Qd3 Qc7 12. d5 Nf8 13. Nd2 Ng6 14. Bb3 Nh5 15. Qe2 Nhf4 16. Qc4 Qd7 17. Qf1 Bd8 18. Rad1 Bc7 19. Nf3 Qe7 20. Kh1 Bd7
21. Ng1 Nh5 22. Re2
1-0

[Event "Test Phil"]
[Site "SchemingMind.com"]
[Date "2018.05.04"]
[Round "-"]
[White "Patjanka"]
[Black "Ilang"]
[Result "0-1"]
[WhiteCountry "DEN"]
[BlackCountry "HUN"]
[WhiteElo "2211"]
[WhiteRD "101"]
[BlackElo "2493"]
[BlackRD "80"]
[GameID "427744"]

1. e4 e5 2. Nf3 d6 3. d4 Nf6 4. Nc3 Nbd7 5. Bc4 Be7 6. O-O O-O 7. a4 c6 8. Re1 Re8 9. a5 exd4 10. Bxf7+ Kxf7
11. Ng5+ Kg8 12. Ne6 dxc3 13. Nxd8 Rxd8 14. Qf3 Nc5 15. b4 Ncxe4 16. Rxe4 Nxe4 17. Qxe4 Bf6 18. Qd3 d5 19. a6 b6 20. h4 Bxh4
21. Qxc3 Bd7 22. Bb2 Bf6 23. Qb3 Bxb2 24. Qxb2 Rac8 25. Re1 Re8 26. Rxe8+ Rxe8
0-1

[Event "Test Phil"]
[Site "SchemingMind.com"]
[Date "2018.05.01"]
[Round "-"]
[White "Ilang"]
[Black "michel"]
[Result "1/2-1/2"]
[WhiteCountry "HUN"]
[BlackCountry "CAN"]
[WhiteElo "2373"]
[WhiteRD "93"]
[BlackElo "2307"]
[BlackRD "94"]
[GameID "427745"]

1. e4 e5 2. Nf3 d6 3. d4 Nf6 4. Nc3 Nbd7 5. a4 Be7 6. Be2 O-O 7. O-O a5 8. Re1 c6 9. h3 Qc7 10. Be3 exd4
11. Nxd4 Nc5 12. Bf3 h6 13. Qe2 Re8 14. Rad1 Bf8 15. Bf4 Qb6 16. Qd2 g5 17. Bg3 Be6 18. Re3 Rad8 19. Qc1 Bg7 20. Nxe6 Rxe6
21. b3 Bf8 22. e5 dxe5 23. Bxe5 Bg7 24. Rxd8+ Qxd8 25. Qe1 Ncd7=
1/2-1/2

[Event "Test Phil"]
[Site "SchemingMind.com"]
[Date "2018.05.01"]
[Round "-"]
[White "michel"]
[Black "Ilang"]
[Result "1/2-1/2"]
[WhiteCountry "CAN"]
[BlackCountry "HUN"]
[WhiteElo "2307"]
[WhiteRD "94"]
[BlackElo "2373"]
[BlackRD "93"]
[GameID "427746"]

1. e4 e5 2. Nf3 d6 3. d4 Nf6 4. Nc3 Nbd7 5. g4 Nxg4 6. Rg1 Ngf6 7. Bc4 h6 8. Be3 c6 9. dxe5 dxe5 10. Qd3 b5
11. Bb3 Ba6 12. O-O-O Qa5 13. Nd2 Rd8 14. Kb1 Nc5 15. Qf1 Nxb3 16. Nxb3 Rxd1+ 17. Qxd1 Qc7 18. f4 Nd7 19. Qf3 b4 20. Na4 Bb5
21. Nac5 Nxc5 22. Nxc5 exf4 23. Bd4 a5 24. Qh5 Rg8 25. Rd1 Qc8 26. Qe5+ Be7 27. Bf2 f6 28. Qxf4 Kf7 29. e5 Rd8 30. Rd7=
1/2-1/2

[Event "Test Phil"]
[Site "SchemingMind.com"]
[Date "2018.04.30"]
[Round "-"]
[White "Ilang"]
[Black "Till Plewe"]
[Result "1/2-1/2"]
[WhiteCountry "HUN"]
[BlackCountry "JPN"]
[WhiteElo "2444"]
[WhiteRD "90"]
[BlackElo "2455"]
[BlackRD "78"]
[GameID "427747"]

1. e4 e5 2. Nf3 d6 3. d4 Nf6 4. Nc3 Nbd7 5. a4 Be7 6. Be2 O-O 7. O-O c6 8. a5 Qc7 9. Be3 Rd8 10. d5 Nf8
11. Bc4 Ng6 12. Bb3 Bd7 13. Qe2 h6 14. h3 Nh5 15. dxc6 Nhf4 16. Qc4 bxc6 17. Bxf4 Be6 18. Nd5 Bxd5 19. exd5 Nxf4 20. Qxc6 Qc8
21. Qxc8 Rdxc8 22. Rfd1 Rab8 23. Ra4 f5 24. h4 Bf6 25. Kf1 Ng6 26. g3 Nf8 27. Nd2 Nd7 28. Nc4 Be7 29. Ba2 Kf7 30. c3 Kf6
31. Kg2 e4 32. b4 Ne5 33. Nxe5 dxe5 34. d6 Rd8 35. c4 Bxd6 36. c5 Be7 37. Rxd8 Rxd8 38. c6 Bd6 39. b5 Bc7 40. Bb3 g5
41. hxg5+ hxg5 42. g4 f4 43. Ra3 e3 44. fxe3 e4 45. b6 axb6 46. a6 b5 47. a7 Ra8 48. Kf2 Ke5 49. Ra6 Kd6 50. Kf1=
1/2-1/2

[Event "Test Phil"]
[Site "SchemingMind.com"]
[Date "2018.04.30"]
[Round "-"]
[White "Till Plewe"]
[Black "Ilang"]
[Result "1/2-1/2"]
[WhiteCountry "JPN"]
[BlackCountry "HUN"]
[WhiteElo "2455"]
[WhiteRD "78"]
[BlackElo "2444"]
[BlackRD "90"]
[GameID "427748"]

1. e4 e5 2. Nf3 d6 3. d4 Nf6 4. Nc3 Nbd7 5. Bc4 Be7 6. a4 O-O 7. O-O c6 8. h3 Re8 9. Re1 h6 10. Be3 exd4
11. Qxd4 Bf8 12. a5 Qc7 13. Bf4 Ne5 14. Be2 Bd7 15. Bg3 c5 16. Qd2 Bc6 17. Nxe5 dxe5 18. Qe3 Rad8 19. Bh4 g5 20. Bg3 Rd4
21. f3 Nh5 22. Bf2 c4 23. Bf1 Bb4 24. Reb1 a6 25. Ne2 Rd7 26. Qb6 Qxb6 27. Bxb6 Bb5 28. c3 Be7 29. Kf2 Rc8 30. Rd1 Ba4
31. Rxd7 Bxd7 32. Be3 Kg7 33. Rd1 Be6 34. g4 Nf4 35. Ng3 Bc5 36. Nf5+ Bxf5 37. exf5 Bxe3+ 38. Kxe3 Rc7 39. Rd6 h5 40. f6+ Kh6
41. Ke4 Kg6 42. Kxe5 h4 43. Rb6 Rc5+ 44. Kd4 Rd5+ 45. Ke3 Re5+=
1/2-1/2

[Event "Test Phil"]
[Site "SchemingMind.com"]
[Date "2018.04.30"]
[Round "-"]
[White "Ilang"]
[Black "Robert Bruce"]
[Result "1-0"]
[WhiteCountry "HUN"]
[BlackCountry "SCO"]
[WhiteElo "2384"]
[WhiteRD "93"]
[BlackElo "2282"]
[BlackRD "68"]
[GameID "427749"]

1. e4 e5 2. Nf3 d6 3. d4 Nf6 4. Nc3 Nbd7 5. a4 Be7 6. Be2 a5 7. O-O c6 8. h3 O-O 9. Be3 Qc7 10. d5 h6
11. Nd2 b6 12. dxc6 Qxc6 13. Bb5 Qc7 14. Nc4 Nc5 15. Qf3 Bb7 16. Bxc5 Qxc5 17. Rfe1 Rab8 18. Rad1 Rfc8 19. Re3 Bf8 20. b3 Qb4
21. g4 Be7 22. h4 Nh7 23. Rd5 Nf6 24. Na2 Rxc4 25. Nxb4 Rxb4 26. Bc4 Nxd5 27. exd5 Bxh4 28. Re4 Rf8 29. c3 Rxc4 30. Rxc4 Bd8
31. Qd1 Re8 32. b4 Re7 33. b5 Bc7 34. Qd3 Bd8 35. f4 exf4 36. Re4 Kf8 37. Rxe7 Kxe7 38. Qe4+ Kd7 39. Qf5+ Ke7 40. c4 g5
41. Kf2 Bc7 42. Qh7 Bd8 43. Qxh6 Kd7 44. Qg7
1-0

[Event "Test Phil"]
[Site "SchemingMind.com"]
[Date "2018.04.30"]
[Round "-"]
[White "Robert Bruce"]
[Black "Ilang"]
[Result "1/2-1/2"]
[WhiteCountry "SCO"]
[BlackCountry "HUN"]
[WhiteElo "2282"]
[WhiteRD "68"]
[BlackElo "2384"]
[BlackRD "93"]
[GameID "427750"]

1. e4 e5 2. Nf3 d6 3. d4 Nf6 4. Nc3 Nbd7 5. Bc4 Be7 6. O-O O-O 7. a4 c6 8. Re1 Re8 9. h3 h6 10. Ba2 a5
11. Bd2 exd4 12. Nxd4 Bf8 13. Qf3 Ne5 14. Qg3 Qb6 15. Nde2 Be6 16. Bxe6 Rxe6 17. b3 Rae8 18. Nf4 R6e7 19. Kh1 g5 20. Rad1 Bg7
21. Nfe2 Ned7 22. Rf1 Nxe4 23. Nxe4 Rxe4 24. Be3 Qa6 25. Qxd6 Qxe2 26. Qxd7 R4e7 27. Qd2 Qxd2 28. Bxd2 b6 29. g4 Kh7 30. Rfe1 Rxe1+
31. Rxe1 Rxe1+ 32. Bxe1 Kg6 33. Bd2=
1/2-1/2

[Event "Test Phil"]
[Site "SchemingMind.com"]
[Date "2018.04.30"]
[Round "-"]
[White "Ilang"]
[Black "William Lindberg"]
[Result "1/2-1/2"]
[WhiteCountry "HUN"]
[BlackCountry "USA"]
[WhiteElo "2373"]
[WhiteRD "93"]
[BlackElo "2472"]
[BlackRD "64"]
[GameID "427751"]

1. e4 e5 2. Nf3 d6 3. d4 Nf6 4. Nc3 Nbd7 5. a4 Be7 6. Be2 O-O 7. O-O Re8 8. a5 h6 9. Be3 c6 10. Bc4 exd4
11. Bxd4 Bf8 12. Re1 Qc7 13. Nd2 Ne5 14. Bb3 g5 15. Qe2 Bg7 16. f3 Nfd7 17. Qe3 Nc5 18. Bxc5 dxc5 19. Qxc5 b6 20. Qf2 b5
21. Nf1 Be6 22. Bxe6 fxe6 23. Ne3 Rad8 24. Qg3 Qe7 25. Rab1 h5 26. Kh1 Rf8 27. Qh3 h4 28. Ne2 a6 29. Red1 Rxd1+ 30. Rxd1 c5
31. b3 c4 32. bxc4 bxc4 33. Rb1 Qd6 34. Rd1 Qe7 35. Rf1 Rf7 36. c3 Qc5 37. Nd4 Re7 38. f4 gxf4 39. Nd1 Qxa5 40. Qxh4 Ng6
41. Qg4 Ne5 42. Qh3 Qb6 43. Nf2 a5 44. Qh4 Qd6 45. Ra1 Rb7 46. h3=
1/2-1/2

[Event "Test Phil"]
[Site "SchemingMind.com"]
[Date "2018.04.30"]
[Round "-"]
[White "William Lindberg"]
[Black "Ilang"]
[Result "1-0"]
[WhiteCountry "USA"]
[BlackCountry "HUN"]
[WhiteElo "2472"]
[WhiteRD "64"]
[BlackElo "2373"]
[BlackRD "93"]
[GameID "427752"]

1. e4 e5 2. Nf3 d6 3. d4 Nf6 4. Nc3 Nbd7 5. Bc4 Be7 6. O-O O-O 7. Re1 h6 8. h3 c6 9. a4 Re8 10. a5 Qc7
11. Be3 exd4 12. Nxd4 Bf8 13. Bf4 Rb8 14. Bg3 b6 15. axb6 axb6 16. b4 Ne5 17. Bb3 b5 18. f4 Nc4 19. Kh1 Nd7 20. e5 Ndb6
21. Ne4 Bd7 22. c3 Rbd8 23. Qh5 Nd5 24. Bxc4 bxc4 25. Qf3 Ra8 26. exd6 Bxd6 27. Rxa8 Rxa8 28. Nxd6 Qxd6 29. f5 Qf8 30. b5 Qc5
31. f6 g6 32. Re5 Ra3 33. bxc6 Bxc6 34. Bf2 Ra5 35. Kh2 Kh7 36. h4 Ba8 37. h5 Qc7 38. Bg3 Nf4 39. Qxf4 Qxe5 40. hxg6+ Kxg6
41. Qxe5 Rxe5 42. Bxe5 h5 43. Kg3 Bb7 44. Nf3 Kf5 45. Bd4 Be4 46. Kh4 Kg6 47. Nd2 Bd3 48. Kh3 Bf5+ 49. Kg3 Be6 50. Kf4 h4
51. Nf3 h3 52. gxh3 Bxh3 53. Ke5 Bg4 54. Nd2 Be6 55. Bc5
1-0

[Event "Test Phil"]
[Site "SchemingMind.com"]
[Date "2018.04.30"]
[Round "-"]
[White "Ilang"]
[Black "Keithk"]
[Result "1-0"]
[WhiteCountry "HUN"]
[BlackCountry "ENG"]
[WhiteElo "2444"]
[WhiteRD "90"]
[BlackElo "2539"]
[BlackRD "60"]
[GameID "427753"]

1. e4 e5 2. Nf3 d6 3. d4 Nf6 4. Nc3 Nbd7 5. a4 Be7 6. Be2 O-O 7. O-O Re8 8. a5 c6 9. Be3 exd4 10. Qxd4 Bf8
11. Nd2 Nc5 12. h3 Qe7 13. Bf3 h6 14. Rfd1 Ne6 15. Qd3 Ng5 16. Bf4 Nd7 17. Qe3 Qf6 18. Bg4 Nc5 19. Bxg5 hxg5 20. Qf3 Qe7
21. Bxc8 Raxc8 22. Rab1 g6 23. b4 Nd7 24. Qe3 a6 25. Re1 Ne5 26. f3 Nd7 27. Na4 d5 28. c3 Rcd8 29. Qf2 Qd6 30. exd5 cxd5
31. Nb3 Bg7 32. Rxe8+ Rxe8 33. Re1 Rd8 34. Qd2 Bf6 35. Rd1 Qc7 36. Qe1 Be5 37. Nbc5 Nf6 38. Nd3 Bxc3 39. Qxc3 Qxc3 40. Nxc3 d4
41. Nc5 Kf8 42. N3a4 d3 43. Rxd3 Rxd3 44. Nxd3 Ke7 45. Nac5 Nd5 46. Nxb7 Nc7 47. Ndc5 f6 48. Kf2 f5 49. Ke2 Nb5 50. Nxa6 Kd7
51. Kd3 Kc6 52. Kc4 Na3+ 53. Kb3 Nb5 54. Nd8+ Kd7 55. Nf7 g4 56. Ne5+ Ke6 57. Nxg6 gxh3 58. gxh3 Kf6 59. Kc4
1-0

[Event "Test Phil"]
[Site "SchemingMind.com"]
[Date "2018.04.30"]
[Round "-"]
[White "Keithk"]
[Black "Ilang"]
[Result "1-0"]
[WhiteCountry "ENG"]
[BlackCountry "HUN"]
[WhiteElo "2468"]
[WhiteRD "60"]
[BlackElo "2373"]
[BlackRD "93"]
[GameID "427754"]

1. e4 e5 2. Nf3 d6 3. d4 Nf6 4. Nc3 Nbd7 5. Bc4 Be7 6. O-O O-O 7. Re1 h6 8. a4 Re8 9. h3 c6 10. Ba2 a5
11. Be3 exd4 12. Nxd4 Nc5 13. f3 Nh7 14. Bf2 Bh4 15. Bxh4 Qxh4 16. Qd2 Nf8 17. Rad1 Ng6 18. Nde2 Rd8 19. f4 Be6 20. Bxe6 fxe6
21. Qe3 Qe7 22. b3 Re8 23. g3 Rad8 24. Kh2 b6 25. Nd4 Qc7 26. Nf3 Ne7 27. Rd2 Rf8 28. Kg2 Rde8 29. Nd1 Nc8 30. Nf2 e5
31. f5 d5 32. g4 d4 33. Qe2 Nd6 34. Rdd1 Nd7 35. g5 hxg5 36. Nxg5 Nf6 37. Kh2 Nf7 38. Rg1 Nxg5 39. Rxg5 Rf7 40. Rdg1 Kf8
41. Ng4 Ke7 42. Qc4 Ref8 43. Nxf6 gxf6 44. Rg8 Kd6 45. Qe6+ Kc5 46. R1g6 b5 47. Rxf8 Rxf8 48. Rxf6 Rd8 49. Rg6 Qd6 50. Qxd6+ Rxd6
51. h4 Rd7 52. Re6 Kb4 53. Rxe5 Rf7 54. Kg3
1-0

[Event "Test Phil"]
[Site "SchemingMind.com"]
[Date "2018.05.05"]
[Round "-"]
[White "Patjanka"]
[Black "michel"]
[Result "1-0"]
[WhiteCountry "DEN"]
[BlackCountry "CAN"]
[WhiteElo "2463"]
[WhiteRD "172"]
[BlackElo "2252"]
[BlackRD "84"]
[GameID "427755"]

1. e4 e5 2. Nf3 d6 3. d4 Nf6 4. Nc3 Nbd7 5. Bc4 Be7 6. O-O O-O 7. a4 a5 8. h3 Nb6 9. Ba2 Nfd7 10. dxe5 dxe5
11. Be3 h6 12. Bxb6 cxb6 13. Qe2 Nc5 14. Nxe5
1-0

[Event "Test Phil"]
[Site "SchemingMind.com"]
[Date "2018.05.05"]
[Round "-"]
[White "michel"]
[Black "Patjanka"]
[Result "0-1"]
[WhiteCountry "CAN"]
[BlackCountry "DEN"]
[WhiteElo "2201"]
[WhiteRD "88"]
[BlackElo "2211"]
[BlackRD "101"]
[GameID "427756"]

1. e4 e5 2. Nf3 d6 3. d4 Nf6 4. Nc3 Nbd7 5. g4 Nxg4 6. Rg1 Ngf6 7. Bc4 h6 8. dxe5 dxe5 9. Qd3 c6 10. Be3 b5
11. Bb3 Qa5 12. O-O-O Ba6 13. Nd2 Rd8
0-1

[Event "Test Phil"]
[Site "SchemingMind.com"]
[Date "2018.05.05"]
[Round "-"]
[White "Patjanka"]
[Black "Till Plewe"]
[Result "0-1"]
[WhiteCountry "DEN"]
[BlackCountry "JPN"]
[WhiteElo "2211"]
[WhiteRD "101"]
[BlackElo "2469"]
[BlackRD "75"]
[GameID "427757"]

1. e4 e5 2. Nf3 d6 3. d4 Nf6 4. Nc3 Nbd7 5. Bc4 Be7 6. O-O O-O 7. Re1 a6 8. a4 b6 9. h3 Bb7 10. d5 a5
11. Qe2 Nc5 12. b3 Bc8 13. Bd3 Nfd7 14. Bb5 f5
0-1

[Event "Test Phil"]
[Site "SchemingMind.com"]
[Date "2018.05.04"]
[Round "-"]
[White "Patjanka"]
[Black "Robert Bruce"]
[Result "0-1"]
[WhiteCountry "DEN"]
[BlackCountry "SCO"]
[WhiteElo "2211"]
[WhiteRD "101"]
[BlackElo "2334"]
[BlackRD "66"]
[GameID "427759"]

1. e4 e5 2. Nf3 d6 3. d4 Nf6 4. Nc3 Nbd7 5. Bc4 Be7 6. O-O Nb6 7. Be2 exd4 8. Qxd4 O-O 9. a4 a5 10. h3 Nfd7
11. Be3 Bf6 12. Qd2 Re8
0-1

[Event "Test Phil"]
[Site "SchemingMind.com"]
[Date "2018.05.05"]
[Round "-"]
[White "Robert Bruce"]
[Black "Patjanka"]
[Result "1-0"]
[WhiteCountry "SCO"]
[BlackCountry "DEN"]
[WhiteElo "2334"]
[WhiteRD "66"]
[BlackElo "2211"]
[BlackRD "101"]
[GameID "427760"]

1. e4 e5 2. Nf3 d6 3. d4 Nf6 4. Nc3 Nbd7 5. g3 g6 6. Bg2 Bg7 7. O-O O-O 8. b3 c6 9. a4 exd4 10. Nxd4 Re8
11. Re1 Nc5 12. Bb2 Ne6 13. Nf3 a5 14. Qd2 Nc5 15. Nd4 Bd7 16. Rad1 Qc7 17. Ba3
1-0

[Event "Test Phil"]
[Site "SchemingMind.com"]
[Date "2018.05.05"]
[Round "-"]
[White "Patjanka"]
[Black "William Lindberg"]
[Result "0-1"]
[WhiteCountry "DEN"]
[BlackCountry "USA"]
[WhiteElo "2278"]
[WhiteRD "122"]
[BlackElo "2517"]
[BlackRD "67"]
[GameID "427761"]

1. e4 e5 2. Nf3 d6 3. d4 Nf6 4. Nc3 Nbd7 5. Bc4 Be7 6. O-O O-O 7. Re1 c6 8. a4 Re8 9. a5 Qc7 10. Ng5 Rf8
11. h3 exd4 12. Qxd4 h6 13. Nf3 Ne5 14. Be2 Ng6 15. Be3 Re8 16. b4 Be6 17. Rab1 d5 18. Bd3 Nxe4 19. Nxe4 dxe4 20. Bxe4 Bf6
21. Qc5 Ba2 22. Bxg6 b6 23. axb6 axb6 24. Bxf7+ Qxf7 25. Qxc6 Bxb1 26. Rxb1 Qa2
0-1

[Event "Test Phil"]
[Site "SchemingMind.com"]
[Date "2018.05.05"]
[Round "-"]
[White "William Lindberg"]
[Black "Patjanka"]
[Result "1-0"]
[WhiteCountry "USA"]
[BlackCountry "DEN"]
[WhiteElo "2517"]
[WhiteRD "67"]
[BlackElo "2278"]
[BlackRD "122"]
[GameID "427762"]

1. e4 e5 2. Nf3 d6 3. d4 Nf6 4. Nc3 Nbd7 5. Bc4 Be7 6. O-O O-O 7. Re1 c6 8. a4 a5 9. h3 h6 10. Be3 Re8
11. Qd3 exd4 12. Bxd4 Nh5 13. Be3 Ne5 14. Nxe5 dxe5 15. Qe2 Nf4 16. Bxf4 exf4 17. Qh5 Be6 18. Bxe6 fxe6 19. Rad1 Qc7 20. e5 Bb4
21. Qg4 Bxc3 22. bxc3 Qf7 23. Rd4 Rf8 24. Ree4 h5 25. Qf3 Qf5 26. c4 Rab8 27. c5 Rf7 28. Kh2 Rbf8 29. Kg1 g6 30. Rd3
1-0

[Event "Test Phil"]
[Site "SchemingMind.com"]
[Date "2018.05.04"]
[Round "-"]
[White "Patjanka"]
[Black "Keithk"]
[Result "0-1"]
[WhiteCountry "DEN"]
[BlackCountry "ENG"]
[WhiteElo "2278"]
[WhiteRD "122"]
[BlackElo "2539"]
[BlackRD "60"]
[GameID "427763"]

1. e4 e5 2. Nf3 d6 3. d4 Nf6 4. Nc3 Nbd7 5. Bc4 Be7 6. O-O O-O 7. Re1 Nb6 8. Bf1 exd4 9. Nxd4 c5 10. Nf3 d5
11. e5 Ne8 12. a4 a5 13. Bf4 Nc7 14. Nb5 Ne6 15. Bg3 Bd7 16. h3 Bc6 17. b3 g6 18. c3 Qd7 19. Qc2 Rad8 20. Be2 Na8
21. Na7 Nac7 22. Qb2 Ra8
0-1

[Event "Test Phil"]
[Site "SchemingMind.com"]
[Date "2018.05.05"]
[Round "-"]
[White "Keithk"]
[Black "Patjanka"]
[Result "1-0"]
[WhiteCountry "ENG"]
[BlackCountry "DEN"]
[WhiteElo "2539"]
[WhiteRD "60"]
[BlackElo "2278"]
[BlackRD "122"]
[GameID "427764"]

1. e4 e5 2. Nf3 d6 3. d4 Nf6 4. Nc3 Nbd7 5. Bc4 Be7 6. O-O O-O 7. Re1 c6 8. a4 a5 9. h3 Nb6 10. Bd3 exd4
11. Nxd4 d5 12. e5 Nfd7 13. Nf5 Nc5 14. Nxe7+ Qxe7 15. b3 Nbd7 16. Ba3 Qg5 17. Ne2 Qxe5 18. Ng3
1-0

[Event "Test Phil"]
[Site "SchemingMind.com"]
[Date "2018.05.05"]
[Round "-"]
[White "michel"]
[Black "Till Plewe"]
[Result "0-1"]
[WhiteCountry "CAN"]
[BlackCountry "JPN"]
[WhiteElo "2222"]
[WhiteRD "85"]
[BlackElo "2455"]
[BlackRD "78"]
[GameID "427765"]

1. e4 e5 2. Nf3 d6 3. d4 Nf6 4. Nc3 Nbd7 5. g4 Nxg4 6. Rg1 Ngf6 7. Bc4 h6 8. dxe5 dxe5 9. Qd3 c6 10. Be3 b5
11. Bb3 Qa5 12. O-O-O Ba6 13. Nd2 O-O-O 14. Bxf7 Nc5 15. Qf1 b4 16. Qh3+ Kb8 17. Ncb1 Qc7 18. Bc4 Bc8 19. Qf3 Ne6 20. Bxe6 Bxe6
21. b3 c5 22. h4 Rg8 23. Bxh6 c4 24. bxc4 Rc8 25. Bg5 Nd7
0-1

[Event "Test Phil"]
[Site "SchemingMind.com"]
[Date "2018.05.01"]
[Round "-"]
[White "Till Plewe"]
[Black "michel"]
[Result "1-0"]
[WhiteCountry "JPN"]
[BlackCountry "CAN"]
[WhiteElo "2455"]
[WhiteRD "78"]
[BlackElo "2222"]
[BlackRD "85"]
[GameID "427766"]

1. e4 e5 2. Nf3 d6 3. d4 Nf6 4. Nc3 Nbd7 5. Bc4 Be7 6. a4 O-O 7. O-O a5 8. h3 Nb6 9. Bb3 Nfd7 10. Re1 exd4
11. Nxd4 Nc5 12. Be3 Bd7 13. Ndb5 Bxb5 14. axb5 Nxb3 15. cxb3 c5 16. Qd3 Re8 17. Rad1 Bf8 18. Na4 Qc7 19. Bf4 Re6 20. f3 Nd7
21. Re2 Be7 22. Red2 Nb6 23. Qc2 Nxa4 24. bxa4 Rd8 25. Rd5 Bf6 26. Qd2
1-0

[Event "Test Phil"]
[Site "SchemingMind.com"]
[Date "2018.05.01"]
[Round "-"]
[White "michel"]
[Black "Robert Bruce"]
[Result "0-1"]
[WhiteCountry "CAN"]
[BlackCountry "SCO"]
[WhiteElo "2252"]
[WhiteRD "84"]
[BlackElo "2282"]
[BlackRD "68"]
[GameID "427767"]

1. e4 e5 2. Nf3 d6 3. d4 Nf6 4. Nc3 Nbd7 5. g4 g6 6. g5 Nh5 7. Be3 Bg7 8. Qd2 O-O 9. O-O-O c6 10. Be2 Qc7
11. Ng1 b5 12. dxe5 dxe5 13. Bxh5 gxh5 14. Nb1 Nb6 15. Bc5 Re8 16. b3 Nd7 17. Bd6 Qb6 18. f3 Nf8 19. Qc3 Ne6 20. h4 a5
21. a3 c5 22. Bxe5 b4 23. Qb2 Bxe5 24. Qxe5 c4 25. bxc4 Qe3+ 26. Kb2 Ba6 27. Rh3 Rad8
0-1

[Event "Test Phil"]
[Site "SchemingMind.com"]
[Date "2018.05.01"]
[Round "-"]
[White "Robert Bruce"]
[Black "michel"]
[Result "1/2-1/2"]
[WhiteCountry "SCO"]
[BlackCountry "CAN"]
[WhiteElo "2282"]
[WhiteRD "68"]
[BlackElo "2252"]
[BlackRD "84"]
[GameID "427768"]

1. e4 e5 2. Nf3 d6 3. d4 Nf6 4. Nc3 Nbd7 5. Be2 Be7 6. g4 h6 7. Rg1 exd4 8. Nxd4 g6 9. Bf4 Ne5 10. h3 g5
11. Bg3 h5 12. f3 hxg4 13. hxg4 Be6 14. Qd2 Nfd7 15. O-O-O c6 16. Rh1 Rxh1 17. Rxh1 Qa5 18. Rh8+ Nf8 19. Nf5 Bxf5 20. gxf5 O-O-O
21. Bf2 Ne6 22. Rxd8+ Nxd8 23. Kb1 f6 24. Qc1 Ndf7 25. a3 Bd8 26. b4 Qc7 27. Qb2 Kb8=
1/2-1/2

[Event "Test Phil"]
[Site "SchemingMind.com"]
[Date "2018.05.01"]
[Round "-"]
[White "michel"]
[Black "William Lindberg"]
[Result "0-1"]
[WhiteCountry "CAN"]
[BlackCountry "USA"]
[WhiteElo "2307"]
[WhiteRD "94"]
[BlackElo "2472"]
[BlackRD "64"]
[GameID "427769"]

1. e4 e5 2. Nf3 d6 3. d4 Nf6 4. Nc3 Nbd7 5. g4 h6 6. g5 hxg5 7. Bxg5 c6 8. Qd2 b5 9. a3 Qa5 10. Bd3 Rh3
11. Ng1 Rh5 12. d5 b4 13. Na2 Rxg5 14. Qxg5 bxa3+ 15. b4 Qb6 16. dxc6 Qxc6 17. f3 d5 18. exd5 Nxd5 19. Ne2 Bb7 20. c3 Qb6
21. h4 Rd8 22. h5 Be7 23. Qxg7 Ne3 24. h6 Bf6 25. Qg3 Nf8
0-1

[Event "Test Phil"]
[Site "SchemingMind.com"]
[Date "2018.05.01"]
[Round "-"]
[White "William Lindberg"]
[Black "michel"]
[Result "1-0"]
[WhiteCountry "USA"]
[BlackCountry "CAN"]
[WhiteElo "2501"]
[WhiteRD "67"]
[BlackElo "2201"]
[BlackRD "88"]
[GameID "427770"]

1. e4 e5 2. Nf3 d6 3. d4 Nf6 4. Nc3 Nbd7 5. Bc4 Be7 6. O-O O-O 7. a4 a5 8. h3 Nb6 9. Bd3 exd4 10. Nxd4 Re8
11. Re1 Nbd7 12. Be3 h6 13. f4 Nc5 14. Bf2 Bf8 15. Qf3 c6 16. Rad1 Qc7 17. Bc4 Be6 18. Bf1 Rad8 19. Bh4 Be7 20. b3 Bc8
21. Bg3 Be6 22. Kh2 Bf8 23. Kg1 Be7= 24. f5 Bc8 25. Kh1 Ncd7 26. Nb1 Ne5 27. Qc3 Nh5 28. Bh2 Bh4 29. g3 Be7 30. g4 Nf6
31. Qg3 Nh7 32. Nd2 Bf6 33. N4f3 b6 34. Nc4 Bb7 35. Ncxe5 Bxe5 36. Nxe5 dxe5 37. Rxd8 Qxd8 38. Bd3 c5 39. Kg2 Bc6 40. Bg1 Nf6
41. Qf3 Nh7 42. Bf2 Qe7 43. h4 Rd8 44. Kf1 Rd7 45. Ke2 Rd6 46. Rg1 g5 47. fxg6 Rxg6 48. g5 hxg5 49. hxg5 Bd7 50. Be3 Be6
51. Qh5 Rg7 52. Rh1 Qd7 53. Kf2 Qe7 54. Be2 Qd8 55. Qh2 Qd6= 56. Bb5
1-0

[Event "Test Phil"]
[Site "SchemingMind.com"]
[Date "2018.05.01"]
[Round "-"]
[White "michel"]
[Black "Keithk"]
[Result "0-1"]
[WhiteCountry "CAN"]
[BlackCountry "ENG"]
[WhiteElo "2252"]
[WhiteRD "84"]
[BlackElo "2495"]
[BlackRD "61"]
[GameID "427771"]

1. e4 e5 2. Nf3 d6 3. d4 Nf6 4. Nc3 Nbd7 5. g4 Nxg4 6. Rg1 Ngf6 7. Bc4 h6 8. Be3 c6 9. Qd2 b5 10. Bb3 a5
11. dxe5 dxe5 12. Bxf7+ Kxf7 13. Nxe5+ Kg8 14. Ng6 Qe8 15. f3 Ne5 16. Nxe5 Qxe5 17. O-O-O Kh7 18. Bd4 Qe8 19. f4 b4 20. Na4 Nxe4
21. Qg2 Rg8 22. Nb6 Bf5 23. Nxa8 Qxa8 24. Be5 Qc8 25. Rge1 Nc5 26. b3 a4 27. Bb2 a3 28. Ba1 Ne6 29. Be5 Bc5 30. Qe2 Rd8
31. Qh5 Rxd1+ 32. Qxd1 Qb7 33. h4 Qe7
0-1

[Event "Test Phil"]
[Site "SchemingMind.com"]
[Date "2018.05.01"]
[Round "-"]
[White "Keithk"]
[Black "michel"]
[Result "1-0"]
[WhiteCountry "ENG"]
[BlackCountry "CAN"]
[WhiteElo "2495"]
[WhiteRD "61"]
[BlackElo "2252"]
[BlackRD "84"]
[GameID "427772"]

1. e4 e5 2. Nf3 d6 3. d4 Nf6 4. Nc3 Nbd7 5. Bc4 Be7 6. O-O O-O 7. Re1 c6 8. a4 a5 9. h3 Nb6 10. Bf1 exd4
11. Nxd4 d5 12. e5 Ne8 13. Nce2 g6 14. Bh6 Ng7 15. Nf3 Re8 16. Ned4 Bf8 17. Qd2 Qc7 18. Bf4 Ne6 19. Nxe6 Bxe6 20. Bd3 Nd7
21. c3 Bg7 22. Rad1 Nc5 23. Bc2 Qc8 24. Nd4 Bd7 25. Bg3 Ne6 26. f4 Bh6 27. Nf3 Ng7 28. Bh2 Nh5 29. Qd4 Bf8 30. g4 Ng7
31. Rf1 b5 32. f5 gxf5 33. Nh4 Ne6 34. Qd3 Nc5 35. Qf3 Nxa4 36. gxf5 Nxb2 37. Qh5
1-0

[Event "Test Phil"]
[Site "SchemingMind.com"]
[Date "2018.04.30"]
[Round "-"]
[White "Till Plewe"]
[Black "Robert Bruce"]
[Result "1-0"]
[WhiteCountry "JPN"]
[BlackCountry "SCO"]
[WhiteElo "2483"]
[WhiteRD "76"]
[BlackElo "2306"]
[BlackRD "68"]
[GameID "427773"]

1. e4 e5 2. Nf3 d6 3. d4 Nf6 4. Nc3 Nbd7 5. Bc4 Be7 6. a4 h6 7. O-O c6 8. a5 O-O 9. Re1 exd4 10. Qxd4 Ne5
11. Nxe5 dxe5 12. Qxd8 Rxd8 13. f3 Bc5+ 14. Kf1 Nh7 15. Rd1 Rxd1+ 16. Nxd1 Nf8 17. Be3 Bd6 18. Ke2 Ne6 19. Kd2 Nd4 20. Kc3 Bc5
21. Nf2 Ne2+ 22. Kd2 Bxe3+ 23. Kxe3 Nd4 24. Bd3 Be6 25. f4 f6 26. fxe5 fxe5 27. a6 b6 28. c3 Nb3 29. Rd1 Kf8 30. Be2 Re8
31. Nd3 Bc4 32. Nb4 Bxe2 33. Kxe2 Na5 34. Rd7 Re7 35. Rd6 Rc7 36. h4 Ke8 37. Rg6 Kf8 38. h5 c5 39. Nd5 Rd7 40. Ne3 Kf7
41. g4 Rc7 42. Nf5 Kf8 43. Nd6 Re7 44. Kd3 Kg8 45. b4 cxb4 46. cxb4 Nc6 47. Kc4 Kf8 48. Nf5 Rc7 49. Kb5 Nd8= 50. Ne3 Rd7
51. Nc4 Nf7 52. Nxb6 Rd8 53. Nc4 Rb8+ 54. Ka5 Rc8 55. Na3 Rc1 56. b5 Rc8 57. Rc6 Rxc6 58. bxc6 Ke7 59. Nb5 Kd8 60. Nxa7 Kc7
61. Nc8
1-0